000
00289 a2200097 4500
090
_c
3697
_d
3697
100
_a
Will Willis
245
_a
Exam Cram Windows 2000 Dirctory Services Microsoft Certified Systems Engineer
260
_a
Dreamtech Press
_b
New Delhi
_c
2000
942
_a
NBS
_c
BK
_k
005.1025
999
_c
346163
_d
346163